Fr. Conceicao Rodrigues College of Engineering

HUMAN RELATIONSHIP SKILLS. (Record no. 29567)

MARC details
000 -LEADER
fixed length control field 00379nam a2200169Ia 4500
082 ## - DEWEY DECIMAL CLASSIFICATION NUMBER
Classification number 170/NEL
Item number NEL
100 ## - MAIN ENTRY--PERSONAL NAME
Personal name NELSON/JONES RICHARD
245 ## - TITLE STATEMENT
Title HUMAN RELATIONSHIP SKILLS.
260 ## - PUBLICATION, DISTRIBUTION, ETC.
Name of publisher, distributor, etc. BETTER YOURSELF BOOK
Place of publication, distribution, etc. Bandra
Date of publication, distribution, etc. 1997
366 ## - TRADE AVAILABILITY INFORMATION
Publishers's discount category 25
300 ## - PHYSICAL DESCRIPTION
Extent 310
546 ## - LANGUAGE NOTE
Language note ENGLISH
650 ## - SUBJECT ADDED ENTRY--TOPICAL TERM
Topical term or geographic name entry element PHILOPSOPHY
654 ## - SUBJECT ADDED ENTRY--FACETED TOPICAL TERMS
Focus term HUMAN RELATIONSHIP
942 ## - ADDED ENTRY ELEMENTS (KOHA)
Koha item type BOOK
Holdings
Withdrawn status Lost status Damaged status Not for loan Collection Home library Current library Date acquired Source of acquisition Cost, normal purchase price Inventory number Total Checkouts Full call number Barcode Date due Date last seen Date last checked out Cost, replacement price Price effective from Koha item type
        CRC Fr. Agnel's C.Rodrigues College of Engineering AGNEL TECHNICAL COLLEGE LIBRARY 17/03/2023 Better Yourself Books 65.00 1028/DT.04/09/2007 1 170/NEL NEL 17799 27/01/2025 17/01/2025 17/01/2025 90.00   BOOK